000 00701nam a2200205Ii 4500
003 JO-AjNU
008 230605s9999||||xx |||||||||||||| ||und||
040 _aJO-AjNU
_bara
_erda
_cJO-AjNU
041 _aara
050 1 4 _aPJ6161.K4 2006
100 3 _aالخويسكي،زين كامل؛ م.مشارك أحمد محمود المصري,
_eauthor
_934062
245 0 0 _aفنون بلاغية
250 _aط1
264 3 1 _aالقاهرة: دار الوفاء لدنيا الطباعة والنشر، 2006
300 _a255ص
336 _atext
_btxt
_2rdacontent
337 _aunmediated
_bn
_2rdamedia
338 _avolume
_bnc
_2rdacarrier
650 4 _aاللغة العربية-بلاغة
_934063
999 _aA13926
_c17494
_d17494